Československé disertace 1975 celostátní soupis disertací, na jejichž podklade byla v roce 1975 udělaná hodnost kandidáta a doktora věd

Salvato in:
Dettagli Bibliografici
Natura: Libro
Lingua:ceco
Pubblicazione: Praha Panorama 1980
Serie:Bibliografický katalog ČSSR zvláštní sešit č. 2
Tags: Aggiungi Tag
Nessun Tag, puoi essere il primo ad aggiungerne!!

MARC

LEADER 00000nam a2200000 4500
001 c142114
005 20240823095115.0
041 0 |a cze 
044 |a CZ 
245 1 0 |a Československé disertace 1975  |b celostátní soupis disertací, na jejichž podklade byla v roce 1975 udělaná hodnost kandidáta a doktora věd  |c Věra Maťová 
264 1 |a Praha  |b Panorama  |c 1980 
300 |a 316 s. 
490 1 |a Bibliografický katalog ČSSR  |v zvláštní sešit č. 2 
830 0 |a Bibliografický katalog ČSSR  |v zvláštní sešit č. 2